| 000 | 00639nam a2200241Ia 4500 | ||
|---|---|---|---|
| 003 | OSt | ||
| 005 | 20220928112703.0 | ||
| 006 | a|||||r|||| 00| 0 | ||
| 007 | ta | ||
| 008 | 220927b |||||||| |||| 00| 0 eng d | ||
| 024 | _a96676 | ||
| 037 | _cTextual | ||
| 040 |
_aSDCL _cSDCL _beng |
||
| 041 |
_2eng _aeng |
||
| 082 | _aR66, H4 | ||
| 100 |
_aNarhari Shastri _9429253 |
||
| 245 | 0 | _aDharmika vimarsha samuchchayaha. | |
| 260 |
_aPuna _bashram _c1944 |
||
| 300 |
_av,217p. _ccm. |
||
| 490 | _aAnanda Asharam Sanskrit Granthawali. 124 | ||
| 942 |
_hR66, H4 _cTEXL _2CC |
||
| 999 |
_c745752 _d745752 |
||